00353nam a2200109Ia 4500008004100000082001600041245004100057300002100098942000700119999001900126952009800145230907s9999||||xx |||||||||||||| ||und|| a687.16bPER 0aPerformance of protective clothing : avol. 7; 583 p. : cBK c599920d599920 00104070aCAS-EbCAS-Ed2019-10-25l0o687.16 PERpCAS-E0004019r2023-09-12w2023-09-12yBK